Eastern Utah Libraries Catalog: Duchesne, Heber, Roosevelt, & Vernal

Off the grid : (Record no. 207442)

MARC details
000 -LEADER
fixed length control field 02208cam a2200421 i 4500
001 - CONTROL NUMBER
control field BK0017302946
003 - CONTROL NUMBER IDENTIFIER
control field DLC
005 - DATE AND TIME OF LATEST TRANSACTION
control field 20221107104327.0
008 - FIXED-LENGTH DATA ELEMENTS--GENERAL INFORMATION
fixed length control field 160311t20162016nyu 000 1 eng d
010 ## - LIBRARY OF CONGRESS CONTROL NUMBER
LC control number 2015431359
020 ## - INTERNATIONAL STANDARD BOOK NUMBER
International Standard Book Number 9780399176609 : HRD
Terms of availability 27.00
020 ## - INTERNATIONAL STANDARD BOOK NUMBER
International Standard Book Number 0399176608 : HRD
Terms of availability 27.00
Qualifying information (hardcover)
-- (hardcover)
037 ## - SOURCE OF ACQUISITION
Source of stock number/acquisition Penguin Group USA, Attn: Order Processing 405 Murray Hill Pkwy, East Rutherford, NJ, USA, 07073-2136
Note SAN 201-3975
040 ## - CATALOGING SOURCE
Original cataloging agency YDXCP
Language of cataloging eng
Transcribing agency YDXCP
Modifying agency BTCTA
-- BDX
-- OCLCQ
-- TOH
-- FN4
-- OCLCF
-- FLWMD
Description conventions rda
Modifying agency IEP
-- ZHB
-- OCLCO
-- VHP
-- OI6
-- OCLCO
-- ZGV
-- VP@
-- DLC
-- NjBwBT
050 00 - LIBRARY OF CONGRESS CALL NUMBER
Classification number PS3552.O87658
Item number O44 2016
082 04 - DEWEY DECIMAL CLASSIFICATION NUMBER
Classification number 813/.54
Edition number 23
092 ## - LOCALLY ASSIGNED DEWEY CALL NUMBER (OCLC)
Classification number 813.5400
100 1# - MAIN ENTRY--PERSONAL NAME
Personal name Box, C. J,
Relator term author.
9 (RLIN) 64725
245 10 - TITLE STATEMENT
Title Off the grid :
Remainder of title a Joe Pickett novel /
Statement of responsibility, etc C.J. Box.
246 ## - VARYING FORM OF TITLE
Title proper/short title Joe Pickett
246 ## - VARYING FORM OF TITLE
Title proper/short title Joe Pickett Book Sixteen
246 ## - VARYING FORM OF TITLE
Title proper/short title Joe Pickett Book 16
264 #4 - Production, Publication, Distribution, Manufacture, and Copyright Notice.
Place of production, publication, distribution, manufacture New York :
Name of producer, publisher, distributor, manufacturer G.P. Putnam's Sons,
Date of production, publication, distribution, manufacture, or copyr [2016]
-- �2016
300 ## - PHYSICAL DESCRIPTION
Extent 371 pages ;
Dimensions 24 cm.
336 ## - Content Type
Content type term text
337 ## - Media type
Media type term unmediated
338 ## - Carrier type
Carrier type term volume
440 ## - SERIES STATEMENT/ADDED ENTRY--TITLE
Title Joe Pickett :
Volume number/sequential designation Book 16.
9 (RLIN) 5814201
520 ## - SUMMARY, ETC.
Summary, etc Joe Pickett's old friend Nate Romanowski is off the grid, recuperating from wounds and lying low while the FBI search for him. But they are not the only ones looking for him and Nate finds himself confronting an elite team of special forces soldiers. They're not there to take him in - they say - but to make a deal. They need his help destroying a domestic terror cell in Wyoming's Red Desert, and in return they'll make Nate's criminal record disappear. But Joe's not sure they can be trusted. And they can't. They have a very different plan in mind, and it just may be something that takes them all down--Nate and Joe included.
650 #0 - SUBJECT ADDED ENTRY--TOPICAL TERM
Topical term or geographic name as entry element Pickett, Joe (Fictitious character)
Form subdivision Fiction.
9 (RLIN) 5678709
650 #0 - SUBJECT ADDED ENTRY--TOPICAL TERM
Topical term or geographic name as entry element Game wardens
Form subdivision Fiction.
9 (RLIN) 5674692
650 #0 - SUBJECT ADDED ENTRY--TOPICAL TERM
Topical term or geographic name as entry element Terrorism
General subdivision Prevention
Form subdivision Fiction.
9 (RLIN) 5674888
651 #0 - SUBJECT ADDED ENTRY--GEOGRAPHIC NAME
Geographic name Wyoming
Form subdivision Fiction.
9 (RLIN) 5675113
655 #7 - INDEX TERM--GENRE/FORM
Genre/form data or focus term Suspense fiction.
Source of term gsafd
9 (RLIN) 6364238
655 #7 - INDEX TERM--GENRE/FORM
Genre/form data or focus term Mystery fiction.
Source of term gsafd
9 (RLIN) 6364239
800 1# - SERIES ADDED ENTRY--PERSONAL NAME
Personal name Box, C. J.
Title of a work Joe Pickett novel.
9 (RLIN) 5814202
942 ## - ADDED ENTRY ELEMENTS (KOHA)
Source of classification or shelving scheme Dewey Decimal Classification
Koha item type BOOK
Holdings
Withdrawn status Lost status Source of classification or shelving scheme Damaged status Not for loan Collection code Home library Current library Shelving location Date acquired Source of acquisition Cost, normal purchase price Total Checkouts Total Renewals Full call number Barcode Date last seen Date checked out Cost, replacement price Price effective from Koha item type
    Dewey Decimal Classification     Fiction Wasatch County Library Wasatch County Library First Floor 03/08/2016 Donation 27.00 58 18 F Box 34301001870502 03/03/2026 02/13/2026 27.00 03/20/2020 BOOK
This project was made possible through a grant from the Institute of Museum and Library Service administered by the Utah State Library Division.

Wasatch County Library

  • 465 East 1200 South, Heber City, Utah 84032
  • Phone 435-654-1511 | Fax 435-654-6456

Hours

  • Monday - Friday 9:30 AM - 8:00 PM
  • Saturday 9:30 AM - 1:30 PM
  • Closed Sundays and Holidays